Quiz o Brawl Stars! 2 - Statystyki

Ogólne statystyki
  • Ten quiz został rozwiązany 32 razy
  • Średni wynik to 2 z 6
Statystyki odpowiedzi
Zagadnienie Odpowiedź % Poprawnych
Jaka jest rzadkość NANI? EPICKA
100%
Jaka może być nawyższa ranga? 35
75%
Ile jest zadymiarzy? 84
25%
Ile zadymiarzy może stać się niewidzialnymi 84
25%
Ile jest artylerii 6
0%
Jaki doszedł nowy zadymiarz? KENJI
0%
Nie znaleziono quizów pasujących do podanych kryteriów
Rozkład punktacji
Procent ludzi z każdym wynikiem
Percentyl według liczby udzielonych odpowiedzi
Twoja historia wyników
Nie rozwiązałeś tego quizu